Catálogo - Centro de Recursos para el Aprendizaje y la Investigación

Volver al Sitio - CRAI Biblioteca

Conferencia del episcopado dominicano sobre la relación del hombre con la naturaleza (Registro nro. 114245)

Detalles MARC
000 -CABECERA
campo de control de longitud fija 00719nam a2200217Ia 4500
001 - NÚMERO DE CONTROL
campo de control 114245
003 - IDENTIFICADOR DEL NÚMERO DE CONTROL
campo de control DR-UNIBE
005 - FECHA Y HORA DE LA ÚLTIMA TRANSACCIÓN
campo de control 20251204151937.0
008 - DATOS DE LONGITUD FIJA--INFORMACIÓN GENERAL
campo de control de longitud fija 25120111987 dr spa
040 ## - FUENTE DE LA CATALOGACIÓN
Centro/agencia transcriptor BIBLIOTECA UNIBE
Normas de descripción rda
Centro catalogador/agencia de origen BIBLIOTECA UNIBE
Lengua de catalogación spa
041 ## - CÓDIGO DE LENGUA
Código de lengua del texto/banda sonora o título independiente spa
082 ## - NÚMERO DE LA CLASIFICACIÓN DECIMAL DEWEY
Número de clasificación F-RD 6014
245 0# - MENCIÓN DE TÍTULO
Título Conferencia del episcopado dominicano sobre la relación del hombre con la naturaleza
260 4# - PUBLICACIÓN, DISTRIBUCIÓN, ETC.
Lugar de publicación, distribución, etc. Santo Domingo :
Nombre del editor, distribuidor, etc. Fundación Progressio,
Fecha de publicación, distribución, etc. 1987
300 4# - DESCRIPCIÓN FÍSICA
Extensión 19 páginas
490 ## - MENCIÓN DE SERIE
Mención de serie Carta pastoral ;
Designación de volumen o secuencia 4
650 #4 - PUNTO DE ACCESO ADICIONAL DE MATERIA--TÉRMINO DE MATERIA
Término de materia o nombre geográfico como elemento de entrada Forestación
Subdivisión geográfica República Dominicana
9 (RLIN) 30958
650 #4 - PUNTO DE ACCESO ADICIONAL DE MATERIA--TÉRMINO DE MATERIA
Término de materia o nombre geográfico como elemento de entrada Reforestación
Subdivisión geográfica República Dominicana
9 (RLIN) 31298
650 #4 - PUNTO DE ACCESO ADICIONAL DE MATERIA--TÉRMINO DE MATERIA
Término de materia o nombre geográfico como elemento de entrada Bosques
Subdivisión geográfica República Dominicana
9 (RLIN) 29736
942 ## - ELEMENTOS DE PUNTO DE ACCESO ADICIONAL (KOHA)
Fuente del sistema de clasificación o colocación Sistema de Clasificación Decimal Dewey
Tipo de ítem Koha Folleto
Existencias
Estado de retiro Estado de pérdida Fuente del sistema de clasificación o colocación Estado dañado No para préstamo Código de colección Localización permanente Fecha de adquisición Total de préstamos Signatura topográfica completa Código de barras Fecha visto por última vez Número de copia Precio válido a partir de Tipo de ítem Koha
  Disponible Sistema de Clasificación Decimal Dewey     Folletos - Dominicanos Biblioteca Central UNIBE 01/10/2025   F-RD 6014 F250173 04/12/2025 Ej. 1 04/12/2025 Folleto